Outlook for UK house prices until 2020 (Record no. 83267)
[ view plain ]
| 000 -LEADER | |
|---|---|
| fixed length control field | 01001cad a22002055a 4500 |
| 001 - CONTROL NUMBER | |
| control field | L153360 |
| 008 - FIXED-LENGTH DATA ELEMENTS--GENERAL INFORMATION | |
| fixed length control field | 110715s20110712xxk 000 0 eng d |
| 035 ## - SYSTEM CONTROL NUMBER | |
| System control number | (Sirsi) u153360 |
| 041 0# - LANGUAGE CODE | |
| Language code of text/sound track or separate title | eng |
| 110 2# - MAIN ENTRY--CORPORATE NAME | |
| Corporate name or jurisdiction name as entry element | PriceWaterhouseCoopers |
| 9 (RLIN) | 3793 |
| 245 00 - TITLE STATEMENT | |
| Title | Outlook for UK house prices until 2020 |
| Medium | [electronic resource] |
| 260 ## - PUBLICATION, DISTRIBUTION, ETC. | |
| Date of publication, distribution, etc. | 2011 |
| 490 ## - SERIES STATEMENT | |
| Series statement | UK Economic Outlook |
| Volume/sequential designation | July 2011 |
| 520 ## - SUMMARY, ETC. | |
| Summary, etc. | Examines factors underlying the trend in UK house prices in recent years. Assesses prospects of future trends using results from PriceWaterhouseCoopers probablistic Monte Carlo simulation model. Predicts long term outlook for UK house prices and the implications for the wider UK economy and businesses associated with the housing market. |
| 590 ## - LOCAL NOTE (RLIN) | |
| Local note | KA NTK |
| 651 #4 - SUBJECT ADDED ENTRY--GEOGRAPHIC NAME | |
| Geographic name | United Kingdom |
| Chronological subdivision | |
| 690 ## - LOCAL SUBJECT ADDED ENTRY--TOPICAL TERM (OCLC, RLIN) | |
| Topical term or geographic name as entry element | PROPERTY-RESIDENTIAL PROPERTY-RESIDENTIAL PROPERTY MARKET |
| 856 48 - ELECTRONIC LOCATION AND ACCESS | |
| Uniform Resource Identifier | <a href="https://www.pwc.co.uk/pdf/premium/ukeo-jul2011-houseprices.pdf">https://www.pwc.co.uk/pdf/premium/ukeo-jul2011-houseprices.pdf</a> |
| Public note | View this item free of charge at www.pwc.co.uk |
| 942 ## - ADDED ENTRY ELEMENTS (KOHA) | |
| Suppress in OPAC | 0 |
| Withdrawn status | Lost status | Source of classification or shelving scheme | Damaged status | Not for loan | Home library | Current library | Shelving location | Date acquired | Total Checkouts | Full call number | Barcode | Date last seen | Copy number | Price effective from | Koha item type |
|---|---|---|---|---|---|---|---|---|---|---|---|---|---|---|---|
| Dewey Decimal Classification | Virtual | Virtual | Online | 15/07/2011 | ONLINE PUBLICATION | 153360-2001 | 06/08/2019 | 1 | 06/08/2019 | Journal article |